000 01861nam0a2200349 4500
001 RU\NLR\bibl\1261990
005 20260405112044.0
010 _a978-5-9257-0116-4
_9100
021 _aRU
_b2008-43732
_92420
035 _a(NLR Aleph) 001247981
090 _a300803
_c300803
100 _a20080814d2008 |||y0rusy50 ca
101 0 _arus
102 _aRU
105 _aa |||||||||
200 1 _aОценка и стимулирование персонала организаций в условиях инновационной среды
_eмонография
_fЛ.Г. Миляева, С.А. Фомина
_gФедер. агентство по образованию, Бийск. технол. ин-т (фил.) гос. образоват. учреждения высш. проф. образования "Алтайск. гос. техн. ун-т им. И.И. Ползунова"
210 _aБийск
_cИзд-во Алтайского государственного технического университета
_d2008
215 _a155 с.
_cил.
_d20
320 _aБиблиогр.: с. 143-153 (151 назв.) и в подстроч. прим.
606 1 _aЗаработная плата
_yАлтайский край
_92533657
_3RU\NLR\auth\661500597
606 1 _aПредприятия
_xКадры
_xУправление
_yАлтайский край
_92533659
_3RU\NLR\auth\661500598
686 _aУ24(2)05(2Р-4Ал)
686 _aУ24(2)0-21(2Р-4Ал)
700 1 _4070
_7ca
_8rus
_aМиляева
_bЛ. Г.
_gЛариса Григорьевна
_925897
_3RU\NLR\auth\7742954
701 1 _aФомина
_bС. А.
_gСветлана Алексеевна
_4070
801 0 _aRU
_bNLR
_c20080814
_gRCR
801 1 _aRU
_bNLR
_c20080814
830 _aАвт. по кн.
942 _cBOOK
980 _aNB
980 _aNBR